1208 1197 1793 1161 1386 1431 1380 1210 1915 1609 1563 1675 1607 1949 1473 1898 1375 1727 1101 1924 1836 1275 1272 1265 1714 1253 1389 1516 1378 1775 1678 1533 1767 1220 1148 1355 1498 1199 1116 1959 1337 1106 1139 1723 1085 1369 1170 1816 1161 1805 1180 1293 1790 1449 1957 1736 1620 1020 1464 1275 1240 1313 1546 1347 1165 1017 1310 1023 1803 1007 1882 1053 1586 1259 1817 1599 1179 1467 1040 1434 1965 1551 1762 1376 1048 1324 1126 1431 1451 1762 1225 1324 1272 1130 1604 1518 1015 1845 1644 BCNSPRNW ULIB Ver.6.0+V

เปลี่ยนเป็นภาษาไทย

Change to English
 แสดงรายละเอียดบรรณานุกรม
  กลับหน้าหลัก

Brief Record : Get Marc (ISO 2709) : E-mail record : QR code < ปิดหน้าต่าง
LEADER : 00000nam 2200000uu 4500
001    13399114239
003     ULIB
008    020711s2552 th a 000 0 tha d
020    ^a9786115520220
090    นว.^bส681ร
100    ^aสาริณี โพธิ์เงิน
110    ^aบุ๊คเวฟ
245    ^aโรมิโอกับจูเลียต/^cสาริณี โพธิ์เงิน
250    ^aพิมพ์ครั้งที่ 1
260    ^aกรุงเทพฯ :^bบุ๊คเวฟ,^c2552
300    ^a120 หน้า
945    ^p179^l0^i026028
995    ทศพร
999 ^a ใช้งานได้ทุกระบบ
รายการนี้ยังไม่มีแท็ก
คุณยังไม่ได้ล็อกอิน คุณสามารถมีกิจกรรมร่วมกับเว็บไซต์ได้ แต่ต้องล็อกอินก่อน ::
  ล็อกอิน

รายการสื่อสารสนเทศ

ลำดับที่ ประเภท เลขเรียก/บาร์โค้ด สถานที่ สถานะ
1. นวนิยาย
นวนิยาย
นว. ส681ร ฉ.1 
  Barcode: 026028
ห้องสมุดวิทยาเขตสวรรค์ประชารักษ์
►นวนิยาย
บนชั้น
  ขอยืม

BibComment


ยังไม่เคยถูกคอมเมนท์

คอมเมนท์ทรัพยากรรายการนี้
  คอมเมนท์: โรมิโอกับจูเลียต..


 Copyright 2026. Bcnsprnw @Library